নজরুল -সংগীত স্বরলিপি সংগ্রহ / (Record no. 13480)
[ view plain ]
| 000 -LEADER | |
|---|---|
| fixed length control field | 00767nam a2200241 a 4500 |
| 001 - CONTROL NUMBER | |
| JCCL Control Number | 13480 |
| 003 - CONTROL NUMBER IDENTIFIER | |
| JCCL marc code | BD-JhCC |
| 005 - DATE AND TIME OF LATEST TRANSACTION | |
| control field | 20231015123259.0 |
| 008 - FIXED-LENGTH DATA ELEMENTS--GENERAL INFORMATION | |
| fixed length control field | 231015b20132019bg |||| ||a| 000 0 b d |
| 020 ## - INTERNATIONAL STANDARD BOOK NUMBER | |
| International Standard Book Number | 9789843455758 |
| 035 ## - SYSTEM CONTROL NUMBER | |
| system control number | (BD-JhCC)13480 |
| 040 ## - CATALOGING SOURCE | |
| Original cataloging agency | BD-JhCC |
| Modifying agency | BD-JhCC |
| 041 ## - LANGUAGE CODE | |
| Language code of Book | Bengali |
| 082 ## - DEWEY DECIMAL CLASSIFICATION NUMBER | |
| Classification number | 781.62 |
| Author mark and Year | DAS 2019 |
| 100 ## - MAIN ENTRY--PERSONAL NAME | |
| Personal name | দাশ,সুধীন |
| 245 ## - TITLE STATEMENT | |
| Title | নজরুল -সংগীত স্বরলিপি সংগ্রহ / |
| Statement of responsibility, etc | সুধীন দাশ, আসাদুল হক। |
| 260 ## - PUBLICATION, DISTRIBUTION, ETC. (IMPRINT) | |
| Place of publication, distribution, etc | ঢাকা: |
| Name of publisher, distributor, etc | কবি নজরুল ইনস্টিটিউট; |
| Date of publication, distribution, etc | 2019. |
| 300 ## - PHYSICAL DESCRIPTION | |
| Pagination | 408 p. : |
| Dimensions | 24 cm. |
| 650 ## - SUBJECT ADDED ENTRY--TOPICAL TERM | |
| Topical term or geographic name as entry element | Popular Music. |
| 700 ## - ADDED ENTRY--PERSONAL NAME | |
| Personal name | হক, আসাদুল |
| 942 ## - ADDED ENTRY ELEMENTS (KOHA) | |
| Source of classification or shelving scheme | Dewey Decimal Classification |
| Koha item type | Books |
| Source of classification or shelving scheme | volume number | Damaged status | Not for loan | Home library | Current library | Shelving location | Date of accession | Cost, normal purchase price | Full call number | Barcode | Date last seen | Copy number | Method of acquisition | Koha item type | Currency | Total Checkouts |
|---|---|---|---|---|---|---|---|---|---|---|---|---|---|---|---|---|
| Dewey Decimal Classification | V-1 | JCC Rouf Library | JCC Rouf Library | General Stacks | 10/15/2023 | 400.00 | 781.62 DAS 2019 | 18576 | 10/15/2023 | C-1 | Purchase | Books | BDT | |||
| Dewey Decimal Classification | V-2 | JCC Rouf Library | JCC Rouf Library | General Stacks | 10/15/2023 | 400.00 | 781.62 DAS 2019 | 18577 | 10/15/2023 | C-1 | Purchase | Books | BDT | |||
| Dewey Decimal Classification | V-3 | JCC Rouf Library | JCC Rouf Library | General Stacks | 10/15/2023 | 600.00 | 781.62 DAS 2013 | 18578 | 10/15/2023 | C-1 | Purchase | Books | BDT | |||
| Dewey Decimal Classification | V-7 | JCC Rouf Library | JCC Rouf Library | General Stacks | 10/15/2023 | 400.00 | 781.62 DAS 2019 | 18579 | 10/15/2023 | C-1 | Purchase | Books | BDT | |||
| Dewey Decimal Classification | V-8 | JCC Rouf Library | JCC Rouf Library | General Stacks | 10/15/2023 | 400.00 | 781.62 DAS 2019 | 18580 | 10/15/2023 | C-1 | Purchase | Books | BDT |